000 01650nam0a2200385 4500
001 RU\NLR\bibl\96605
005 20250617081938.0
010 _a5-227-00029-8
_910000
020 _aRU
_b98-36803
_9Книжная летопись
021 _aRU
_b98-29832
_91414
035 _a(NLR Aleph) 000094430
090 _a530942
_c530942
100 _a20000410d1998 |||y0rusy50 ca
101 1 _arus
_cpol
102 _aRU
105 _aa |||||||||
200 1 _aСтавка больше, чем жизнь
_eПриключенч. повести
_fАнджей Збых
_g[Пер. с пол. В.А. Головчанского
_gХудож. В.Н. Фекляев]
210 _aМ.
_cЦентрполиграф
_d1998
215 _a487, [3] с.
_cил.
_d21
225 1 _aКлассическая библиотека приключений и научной фантастики
327 1 _aСодерж.: Второе рождение; Партия в домино; Последний шанс; Провал; Ночь в больнице; Предпоследний сеанс; Курьер из Лондона; Совершенно секретно; Пароль
610 0 _aПриключенческие романы и рассказы (х. л.)
675 _a884-31Збых
_v3
_zrus
686 _a17
_2rugasnti
686 _a84(4Пол)
_2rubbk
686 _aШ6(4П)77-446
700 1 _aЗбых
_bА.
_gАнджей
_4070
801 0 _aRU
_bRKP
_c20000410
_gPSBO
801 1 _aRU
_bRKP
_c20000410
801 2 _aRU
_bNLR
_c20000714
_grcr
852 _aNLR
_j98-3/9054
942 _cBOOK
980 _aNB